00421nam a2200169Ia 450000500170000000800410001702000090005804000190006704100120008608200110009810000170010924500310012626000490015730000120020665000230021885000100024120230921114730.0131103s9999 xx 000 0 und d cRs.2 aLoreto College aEnglish aFbNAR aNarayan,R.K. 4aThe Dark RoomcR.K.Narayan aBombaybPearl Publication Private Ltd.c1960 a158 p.  aFiction in English aLCLIB